Welcome to the Holygrace Academy Library

Please use search bar below to get started

INTRODUCTION TO WEB TECHNOLOGY (Record no. 1702)

MARC details
000 -LEADER
fixed length control field 00361nam a22001457a 4500
020 ## - INTERNATIONAL STANDARD BOOK NUMBER
ISBN 978-81-89757-63-2
082 ## - DEWEY DECIMAL CLASSIFICATION NUMBER
Classification number 004
Item number SHA/I
100 ## - MAIN ENTRY--AUTHOR NAME
Personal name SHARMA, PANKAJ
245 ## - TITLE STATEMENT
Title INTRODUCTION TO WEB TECHNOLOGY
250 ## - EDITION STATEMENT
Edition statement FOURTYH EDITION
260 ## - PUBLICATION, DISTRIBUTION, ETC. (IMPRINT)
Place of publication DELHI
Name of publisher S.K.KATARIA & SONS
Year of publication 2010
300 ## - PHYSICAL DESCRIPTION
Number of Pages 586
650 ## - SUBJECT ADDED ENTRY--TOPICAL TERM
Topical Term COMPUTER SCIENCE REFERENCE
Geographic subdivision INDIA
942 ## - ADDED ENTRY ELEMENTS (KOHA)
Koha item type Books
Holdings
Withdrawn status Lost status Collection code Home library Current library Shelving location Date acquired Source of acquisition Cost, normal purchase price Full call number Accession Number Koha item type
    Reference Main Library Main Library SHELF-5- J - ENTRANCE BASED REFERENCES 16/09/2010 purchase 295.00 004 SHA/I 05732 Books